Quiz sur la Meurthe-et-Moselle - Statistiques

Statistiques générales
  • Ce quiz a été pris 3 542 fois
  • Le résultat moyen est 13 sur 18
Statistiques - réponses
Question Réponse % Correct
Pays qui a provoqué la création de la Meurthe-et-Moselle en annexantdes portions des anciens départements de la Meurthe et de la Moselle Allemagne
97%
Deux pays frontaliers de la Meurthe-et-Moselle Belgique
97%
Région dans laquelle il se situe depuis 2016 Grand Est
97%
Deux pays frontaliers de la Meurthe-et-Moselle Luxembourg
97%
Préfecture et ville la plus peuplée Nancy
95%
Numéro du département 54
94%
Région à laquelle il appartenait jusqu'alors Lorraine
93%
Célèbre place de cette ville, nommée d'après un roi polonais Place {Stanislas}
86%
Département voisin dans lequel la commune d'Othe est enclavée Meuse
74%
Footballeur passé par la préfecture, Saint-Étienne et la Juventus quiest parfois considéré comme le meilleur joueur français de l'Histoire Michel Platini
69%
Sous-préfecture qui est la plus devinée sur JetPunk car les préfecturesde la Haute-Garonne et du Var contiennent toutes deux son nom Toul
67%
« Dame au Chapeau » qui présidait le Comité Miss France Geneviève de Fontenay
63%
Commune de Meurthe-et-Moselle dont le nom figure sur la plupartdes plaques d'égout de France car elles y sont fabriquées Pont-à-Mousson
61%
Sous-préfecture abritant un château surnommé le « Versailles » local Lunéville
46%
Courant artistique moderne dont la préfecture est un haut-lieu Art {Nouveau}
43%
Mathématicien et physicien de renom né dans la préfecture en 1854dont le cousin a été Président de la République Française Henri Poincaré
40%
Ville fortifiée par Vauban qui se situe près des frontières avec ces pays Longwy
38%
Sous-préfecture située dans la bande de terre au nord du département Val-de-{Briey}
26%
Aucun quiz correspondant
Distribution des résultats
% des personnes avec chaque résultat
Percentile par nombre de réponses
Votre historique - résultats
Vous n’avez pas pris ce quiz